Nhập môn công nghệ sinh học

Giáo trình cung cấp những kiến thức cơ bản về công nghệ sinh học. Các kiến thức được cập nhật hóa và trình bày có hệ thống, giúp người đọc có định hướng tốt cho hoạt động học tập, giảng dạy và nghiên cứu....

Disgrifiad llawn

Wedi'i Gadw mewn:
Manylion Llyfryddiaeth
Prif Awdur: Phạm, Thành Hổ
Fformat: Llyfr
Iaith:Undetermined
Cyhoeddwyd: Hà Nội Giáo Dục 2008
Pynciau:
Tagiau: Ychwanegu Tag
Dim Tagiau, Byddwch y cyntaf i dagio'r cofnod hwn!
Thư viện lưu trữ: Trung tâm Học liệu Trường Đại học Cần Thơ
LEADER 01066nam a2200229Ia 4500
001 CTU_110673
008 210402s9999 xx 000 0 und d
020 |c 37000 
082 |a 660.6 
082 |b H450 
100 |a Phạm, Thành Hổ 
245 0 |a Nhập môn công nghệ sinh học 
245 0 |c Phạm Thành Hổ 
260 |a Hà Nội 
260 |b Giáo Dục 
260 |c 2008 
520 |a Giáo trình cung cấp những kiến thức cơ bản về công nghệ sinh học. Các kiến thức được cập nhật hóa và trình bày có hệ thống, giúp người đọc có định hướng tốt cho hoạt động học tập, giảng dạy và nghiên cứu. 
526 |a Nguyên lý cơ bản của Công nghệ sinh học,Khía cạnh xã hội của công nghệ sinh học 
526 |b TNS610,CSS607 
650 |a Biotechnology,Công nghệ sinh học 
904 |i Trọng Hải 
980 |a Trung tâm Học liệu Trường Đại học Cần Thơ